000 01394cam a2200361 a 4500
001 15185614
003 OSt
005 20211004113029.0
008 080219s2008 enka b 001 0 eng
010 _a 2008007734
015 _aGBA880287
_2bnb
016 7 _a014651968
_2Uk
020 _a9780521758857
035 _a(OCoLC)196313513
035 _a(OCoLC)ocn196313513
038 _aKhadija
040 _aDLC
_cDLC
_dBAKER
_dBTCTA
_dYDXCP
_dUKM
_dC#P
_dBWX
_dCDX
_dDLC
050 0 0 _aTA403
_b.H627 2009
082 0 0 _a620.11
_222
_bHOS
100 1 _aHosford, William F.
_958856
245 1 0 _aMaterials for engineers /
_cWilliam F. Hosford.
260 _aCambridge ;
_aNew York :
_bCambridge University Press,
_c2008.
300 _axv, 278 p. :
_bill. ;
_c27 cm.
504 _aIncludes bibliographical references and index.
563 _aPB
650 0 _aMaterials
_vTextbooks.
_918866
856 4 2 _3Contributor biographical information
_uhttp://www.loc.gov/catdir/enhancements/fy0811/2008007734-b.html
856 4 2 _3Publisher description
_uhttp://www.loc.gov/catdir/enhancements/fy0811/2008007734-d.html
856 4 1 _3Table of contents only
_uhttp://www.loc.gov/catdir/enhancements/fy0811/2008007734-t.html
906 _a7
_bcbc
_corignew
_d1
_eecip
_f20
_gy-gencatlg
942 _2ddc
_cBK
999 _c33574
_d33574